Flags by Letter - N - Statistics

General Stats
  • This quiz has been taken 279 times
    232 since last reset
  • The average score is 10 of 11
Answer Stats
Picture Answer % Correct
New Zealand
100%
Norway
100%
Netherlands
99%
Nepal
98%
North Korea
97%
Niger
94%
Nigeria
94%
North Macedonia
94%
Nicaragua
89%
Namibia
82%
Nauru
80%
No matching quizzes found
Score Distribution
Percent of People with Each Score
Percentile by Number Answered
Your Score History
You have not taken this quiz since the last reset